000 00308nam a22001457a 4500
008 211018b ||||| |||| 00| 0 eng d
020 _a9781464135668
041 _aeng
080 _a530
082 _a530
100 _a43
101 _aFIZ
245 _aCollege Physics
_cFreedman,R.A
942 _2udc
_cBK
999 _c58259
_d58259